[Event "zt3.3"]
[Site "HeiBei CHN"]
[Date "2001.04.16"]
[Round "1"]
[White "Zhang Zhong"]
[Black "Zhou Weiqi"]
[Result "1-0"]
[WhiteElo "2632"]
[BlackElo "2310"]

1.e4 c5 2.Nf3 Nc6 3.Bb5 g6 4.Bxc6 dxc6 5.d3 Bg7 6.h3 e5 7.Nc3 Qe7 8.Be3 Nf6
9.Qd2 Nd7 10.Bh6 f6 11.Nh2 Nf8 12.Bxg7 Qxg7 13.f4 Be6 14.fxe5 fxe5 15.O-O Nd7
16.Qe3 g5 17.Ne2 O-O-O 18.Ng3 Rdf8 19.Nf5 Bxf5 20.exf5 h5 21.Rae1 g4 22.Qg3 Qh7
23.Re4 Rxf5 24.Rxf5 Qxf5 25.hxg4 hxg4 26.Rxg4 Qh5 27.Rg8+ Rxg8 28.Qxg8+ Kc7
29.Nf3 Qh6 30.Qg5 Qe6 31.b3 Qd6 32.Qe3 Qf6 33.g3 b6 34.Kg2 Qd6 35.g4 Kb7
36.Qe4 Qe7 37.g5 Qf7 38.Kg3 Qh5 39.Qg4 Qf7 40.g6 Qg7 41.Qf5  1-0

[Event "ch-CUB"]
[Site "Las Tunas CUB"]
[Date "2001.04.16"]
[Round "15"]
[White "Leyva,R"]
[Black "Almeida,O"]
[Result "0-1"]
[WhiteElo "2400"]
[BlackElo "2426"]

1.e4 c5 2.Nf3 Nc6 3.Bb5 e6 4.Bxc6 bxc6 5.O-O d6 6.e5 d5 7.b3 Ne7 8.Re1 Nf5
9.Nc3 h5 10.d3 Be7 11.Ba3 g5 12.Na4 g4 13.Nd2 Qa5 14.Nf1 Ba6 15.c4 dxc4 16.dxc4 Rd8
17.Qc1 h4 18.Bb2 h3 19.Bc3 Qc7 20.g3 Nd4 21.Re4 Rh5 22.Qf4 Rg5 23.Kh1 Rg6
24.Rd1 Nf3 25.Qc1 Rd4 26.Bxd4 cxd4 27.c5 Qd7 28.Qc2 Qd5 29.Ne3 dxe3 30.Rxd5 Bf1
31.fxe3 exd5 32.Rb4 Bg2+ 33.Qxg2 hxg2+ 34.Kxg2 Nxe5 35.Rb8+ Bd8 36.Ra8 a5  0-1

[Event "Open"]
[Site "Dubai UAE"]
[Date "2001.04.17"]
[Round "3"]
[White "Ozolin,M"]
[Black "Annageldyev,O"]
[Result "1/2-1/2"]
[WhiteElo "2313"]
[BlackElo "2503"]

1.e4 c5 2.Nf3 Nc6 3.Bb5 e6 4.c3 d5 5.exd5 Qxd5 6.d4 cxd4 7.Bxc6+ bxc6 8.Qxd4 Ba6
9.Nbd2 Rd8 10.Qxd5 cxd5 11.Nb3 Ne7 12.Be3 Nc6 13.Nc5 Bxc5 14.Bxc5 e5 15.O-O-O e4
16.Rhe1 f6 17.Bd4 Kf7 18.Ng1 Rc8 19.Kd2 Nxd4 20.cxd4 Rc4 21.Ne2 Ra4 22.Nc3 Rxd4+
23.Ke3 Rb4 24.Rxd5 Rxb2 25.Rd7+ Kg6 26.Rxa7 Bd3 27.Nd5 Kh6 28.g4 Rd8 29.Ne7 g6
30.h4 Bb1 31.Rd1 Bd3 32.Rd2 Rb1 33.f4 Re1+ 34.Kf2 Rf1+ 35.Kg3 Rf3+ 36.Kh2 Rxf4
37.Rg2 g5 38.Nf5+ Rxf5 39.gxf5 e3 40.Re7 Bf1 41.hxg5+ fxg5 42.Rb2 e2 43.Kg3 Rd3+
44.Kf2 g4 45.Rb6+ Kg5 46.Rg7+ Kxf5 47.Rb5+ Kf4 48.Rb4+ Kf5 49.Rgxg4 Ra3  1/2-1/2

[Event "Classics GM"]
[Site "Gausdal NOR"]
[Date "2001.04.17"]
[Round "3"]
[White "Brynell,S"]
[Black "Tikkanen,H"]
[Result "1-0"]
[WhiteElo "2489"]
[BlackElo "2274"]

1.e4 c5 2.Nf3 Nc6 3.Bb5 g6 4.O-O Bg7 5.c3 Nf6 6.Re1 O-O 7.d4 d5 8.e5 Ne4
9.Bxc6 bxc6 10.Nbd2 cxd4 11.cxd4 c5 12.dxc5 Nxc5 13.Nb3 Nxb3 14.Qxb3 h6 15.h3 Be6
16.Nd4 Qd7 17.Qg3 Rfc8 18.Bf4 Rc4 19.Rad1 Rac8 20.Be3 Kh7 21.b3 Rc3 22.Qh4 a6
23.Bg5 R8c7 24.Bd2 g5 25.Bxg5 Bxh3 26.Bd2 Qg4 27.Qxg4 Bxg4 28.f3  1-0

[Event "Open"]
[Site "Dubai UAE"]
[Date "2001.04.18"]
[Round "4"]
[White "Minasian,Art"]
[Black "Pigusov,E"]
[Result "1/2-1/2"]
[WhiteElo "2554"]
[BlackElo "2584"]

1.e4 c5 2.Nf3 Nc6 3.Bb5 g6 4.Bxc6 dxc6 5.d3 Bg7 6.Nc3 Bg4 7.h3 Bxf3 8.Qxf3 Nf6
9.O-O O-O 10.Ne2 b6 11.a4 Nd7 12.a5 b5 13.a6 Qb6 14.Ra2 Nb8 15.Bg5 Nxa6 16.c3 Rfe8
17.Be3 b4 18.Rfa1 Nc7 19.Ra5 Ne6 20.Ra6 Qd8 21.Bd2 Qd7 22.Qe3 Red8 23.Nc1 bxc3
24.bxc3 c4 25.Rxa7 Rxa7 26.Rxa7 Qd6 27.Ra5 cxd3 28.e5 Qc7 29.Ra4 g5 30.Nxd3  1/2-1/2

[Event "zt3.3"]
[Site "HeiBei CHN"]
[Date "2001.04.18"]
[Round "3"]
[White "Zhang Zhong"]
[Black "Wu Wenjin"]
[Result "1/2-1/2"]
[WhiteElo "2632"]
[BlackElo "2570"]

1.e4 c5 2.Nf3 Nc6 3.Bb5 e6 4.O-O Nge7 5.c3 a6 6.Ba4 b5 7.Bc2 Bb7 8.Qe2 d5
9.e5 d4 10.Be4 Ng6 11.cxd4 cxd4 12.d3 Be7 13.a4 O-O 14.Na3 Qb6 15.Bd2 Rfc8
16.Rfc1 h6 17.Qe1 Nf8 18.axb5 axb5 19.Nc2 Rxa1 20.Nxa1 Ra8 21.Nb3 Ra4 22.h3 Nd7
23.Bxc6 Bxc6 24.Nfxd4 Ba8 25.Ba5 Qb7 26.f3 Bf8 27.Kh1 Qd5 28.Rc8 Nxe5 29.Bb4 Ng6
30.Bxf8 Nxf8 31.Qg3 Bb7 32.Rc5 Qd8 33.Rxb5 Bd5 34.Rb8 Qe7 35.Ne2 Rb4 36.Nbd4 Kh7
37.Rxb4 Qxb4 38.Qc7 Qe1+ 39.Kh2 Ng6 40.Qxf7 Ne5 41.Qf4 Nxd3 42.Qe3 Nxb2 43.Nxe6 Bxe6
44.Qxe6 Nd1 45.Qe4+ Kg8 46.h4 Nf2 47.Qc4+ Kh7 48.Qc2+ Kg8 49.Ng3 Nd1 50.Qc1 Qe7
51.Qc4+ Kh7 52.Qd4 Ne3 53.Kg1 Qc7 54.Qd3+ Kh8 55.Kf2 Nc4 56.Nf5 Ne5 57.Qe4 h5
58.Ne3 Qd6 59.f4 Qd2+ 60.Kf1 Nd3 61.Qe8+ Kh7 62.Qxh5+ Kg8 63.Qe8+ Kh7 64.Qh5+ Kg8
65.Qe2 Qc1+ 66.Nd1 Nxf4 67.Qe8+ Kh7 68.Qe4+ Kh6 69.Ke1 g5 70.g3 Ng6 71.hxg5+ Qxg5
72.Qd3 Ne5 73.Qc3 Ng4  1/2-1/2

[Event "Open"]
[Site "Dubai UAE"]
[Date "2001.04.19"]
[Round "5"]
[White "Odeev,H"]
[Black "Al Sayed,Mohamad"]
[Result "1-0"]
[WhiteElo "2471"]
[BlackElo "2304"]

1.e4 c5 2.Nf3 Nc6 3.Bb5 g6 4.O-O Bg7 5.Nc3 e5 6.Bxc6 dxc6 7.d3 Ne7 8.Be3 b6
9.Qd2 h6 10.a3 f5 11.exf5 gxf5 12.Rae1 Qd6 13.Qe2 O-O 14.Bf4 exf4 15.Qxe7 Qxe7
16.Rxe7 Rf7 17.Re8+ Rf8 18.Re7 Rf7 19.Rfe1 Bd7 20.R7e2 Rff8 21.Re7 Rf7 22.R7e2 Rff8
23.Ne5 Be8 24.f3 Rd8 25.Nd1 Bf6 26.Nf2 Bh4 27.Rf1 Rf6 28.Nh3 Bg5 29.Rfe1 Bh4
30.Ra1 Bg5 31.Kf2 Bh5 32.Rae1 Re6 33.g3 fxg3+ 34.hxg3 Be8 35.Nxg5 hxg5 36.f4 Bh5
37.Rd2 gxf4 38.gxf4 Rd4 39.Ke3 Rd7 40.Rh2 Bg6 41.Rh6 Rg7 42.Rg1 Bf7 43.Rxg7+ Kxg7
44.Rxe6 Bxe6 45.Nxc6 a6 46.b4 cxb4 47.axb4 Kf6 48.c4 Bc8 49.d4 b5 50.cxb5 axb5
51.d5  1-0

[Event "Open"]
[Site "Dubai UAE"]
[Date "2001.04.19"]
[Round "5"]
[White "Mahdi,K"]
[Black "Somev,A"]
[Result "1-0"]
[WhiteElo "2354"]
[BlackElo "2106"]

1.e4 c5 2.Nf3 Nc6 3.Bb5 g6 4.O-O Bg7 5.Bxc6 bxc6 6.Re1 d6 7.e5 d5 8.d3 h5
9.Nc3 Bh6 10.Na4 Bxc1 11.Rxc1 Qa5 12.b3 Bg4 13.h3 Bxf3 14.Qxf3 Nh6 15.e6 Nf5
16.exf7+ Kf8 17.Qf4 h4 18.Re6 Nd4 19.Ree1 Rh5 20.c3 Nf5 21.Re6 Rc8 22.Rxg6 Kxf7
23.Qg4 Rch8 24.Re1 Qb5 25.Rge6 Ke8 26.R6e5 Qxd3 27.Qg6+ Kd8 28.Qxc6 R5h6
29.Rxd5+  1-0

[Event "Classics GM"]
[Site "Gausdal NOR"]
[Date "2001.04.19"]
[Round "5"]
[White "Hansen,TR"]
[Black "Tikkanen,H"]
[Result "1/2-1/2"]
[WhiteElo "2209"]
[BlackElo "2274"]

1.e4 c5 2.Nf3 Nc6 3.Bb5 g6 4.O-O Bg7 5.Re1 e5 6.c3 Nge7 7.d3 O-O 8.a4 b6
9.Bg5 h6 10.Bh4 Bb7 11.Nbd2 Kh7 12.Nc4 f6 13.Nd6 Qc7 14.Nxb7 Qxb7 15.d4 d6
16.dxc5 dxc5 17.Qe2 Rad8 18.Red1 Qc7 19.Ne1 Na5 20.Nc2 Nb7 21.f3 Rxd1+ 22.Rxd1 Rd8
23.Ne3 Rxd1+ 24.Qxd1 Qd6 25.Qxd6 Nxd6 26.Bd7 Kg8 27.Be6+ Kf8 28.Kf1 h5 29.Ke2 Ke8
30.Kd3 Kd8 31.Nc4 Nb7 32.Bf2 Kc7 33.Ne3 Bh6 34.Nd5+ Nxd5 35.Bxd5 Nd6 36.a5 Bc1
37.Kc2 Bh6 38.Bg8 Nc8 39.Bf7 Ne7 40.Kd3 Bc1 41.b3 Kb7 42.Kc4 Ka6 43.b4 cxb4
44.cxb4 Bd2 45.Be8 Bc1 46.Be1 Kb7 47.h4 Be3 48.g4 hxg4 49.fxg4 Kc7 50.a6 f5
51.exf5 gxf5 52.g5 e4 53.g6 f4 54.g7 f3 55.Bg3+ Kd8 56.Bb5 Bh6 57.Bc6 f2
58.Bxf2 e3 59.Bg3 Bxg7 60.Be4 e2 61.Kd3 Be5 62.Be1 Ng8 63.Kxe2 Nf6 64.Bf3 Kc7
65.Kd3 Bd6 66.b5 Bf4 67.Bc3 Ng8 68.Ke4 Bd6 69.Kf5 Ne7+ 70.Kf6 Kd7 71.Kf7 Kc7
72.Be4 Nc8 73.h5 Bf4 74.Kg6 Nd6 75.Bd3 Nc8 76.Bf6 Kd6 77.h6 Ne7+ 78.Kg7 Bxh6+
79.Kxh6 Ng8+ 80.Kg7 Nxf6 81.Kxf6 Kd7 82.Ke5 Kc7 83.Ke6 Kc8 84.Kd6 Kb8 85.Kd7 Ka8
86.Kc6 Kb8 87.Be4 Kc8 88.Kd6  1/2-1/2

[Event "Classics IMA"]
[Site "Gausdal NOR"]
[Date "2001.04.19"]
[Round "6"]
[White "Kvisvik,B"]
[Black "Petrov,M"]
[Result "0-1"]
[WhiteElo "2106"]
[BlackElo "2425"]

1.e4 c5 2.Nf3 Nc6 3.Bb5 g6 4.O-O Bg7 5.Re1 Nf6 6.e5 Nd5 7.Nc3 Nc7 8.Bxc6 dxc6
9.d3 Bg4 10.h3 Bxf3 11.Qxf3 Ne6 12.Bf4 Nd4 13.Qd1 O-O 14.Qd2 b6 15.Rad1 Re8
16.Ne2 Ne6 17.d4 Qd5 18.dxc5 Qxc5 19.Nd4 Nxd4 20.Qxd4 Qxc2 21.Rc1 c5 22.Rxc2 cxd4
23.Rc4 Red8 24.Rd1 f6 25.e6 f5 26.Rc7 Bf6 27.Rdc1 g5 28.Bd2 Rd6 29.Re1 d3
30.Bb4 d2 31.Rd1 Rxe6 32.Rxd2 Re1+  0-1

[Event "ch-City"]
[Site "St Petersburg RUS"]
[Date "2001.04.19"]
[Round "9"]
[White "Polaninov,A"]
[Black "Karasev,V"]
[Result "1-0"]
[WhiteElo "2359"]
[BlackElo "2420"]

1.e4 c5 2.Nf3 Nc6 3.Bb5 e6 4.O-O Nge7 5.Re1 a6 6.Bxc6 Nxc6 7.d4 cxd4 8.Nxd4 d6
9.Nc3 Be7 10.Nxc6 bxc6 11.Qg4 g6 12.Bh6 e5 13.Qg3 g5 14.h4 gxh4 15.Qd3 Rg8
16.Kh1 Qd7 17.Rg1 Rg6 18.Be3 Qg4 19.f3 Qe6 20.Na4 Rg3 21.Qf1 a5 22.Nb6 Ba6
23.Nxa8 Bd8 24.Qf2 c5 25.Kh2 Bb7 26.Rad1 Bxa8 27.Qd2 Bc7 28.Bg5 f5 29.Bxh4 f4
30.Rh1 Rg7 31.b3 Bc6 32.c4 a4 33.Kg1 Qc8 34.Bf2 Qb7 35.Qd3 axb3 36.axb3 Qa6
37.Rh6 Rd7 38.Qc3 Kf8 39.Bxc5 Kg7 40.Rhxd6 Bxd6 41.Rxd6 Rxd6 42.Bxd6 Qa7+
43.Kh2  1-0

[Event "Open"]
[Site "Dubai UAE"]
[Date "2001.04.20"]
[Round "6"]
[White "Sandipan,C"]
[Black "Filippov,V"]
[Result "1-0"]
[WhiteElo "2428"]
[BlackElo "2632"]

1.e4 c5 2.Nf3 Nc6 3.Bb5 g6 4.O-O Bg7 5.Bxc6 bxc6 6.d3 d6 7.Nc3 e5 8.Ne1 Ne7
9.f4 exf4 10.Bxf4 O-O 11.Qd2 c4 12.d4 c5 13.dxc5 dxc5 14.Qxd8 Rxd8 15.Nf3 Bb7
16.Ne5 Rd4 17.Rae1 Nc6 18.Nf3 Nb4 19.a3 Nc6 20.Nxd4 cxd4 21.Nb5 Rd8 22.Rd1 Rd7
23.b3 cxb3 24.cxb3 Na5 25.b4 Ba6 26.bxa5 Bxb5 27.Rb1 g5 28.Bxg5 h6 29.Rxb5 hxg5
30.Rxg5 Kf8 31.Rd5 Rc7 32.e5 Ke7 33.Rxd4 Bxe5 34.Rb4 Ke6 35.Rfb1 Rc3 36.a4 Ra3
37.Kh1 f5 38.g3 Ra2 39.Re1 Kf6 40.Rb5 Bd6 41.Rd5 Bb8 42.Rb1 Ke6 43.Rd4 Be5
44.Rh4 f4 45.gxf4 Bf6 46.Rh7 Rxa4 47.Re1+ Kf5 48.Rxa7 Bc3 49.Rc1 Bd4 50.Rd7 Be3
51.Re1 Bxf4 52.Ra7 Bd6 53.Rd1 Be5 54.Rf1+ Ke6 55.a6 Ra2 56.Rh7 Kd5 57.a7  1-0

[Event "VII Alameda de Osuna"]
[Site "Madrid ESP"]
[Date "2001.04.20"]
[Round "4"]
[White "Quintero Torres,P"]
[Black "Blanco Sanjuan,J"]
[Result "0-1"]
[WhiteElo "2095"]
[BlackElo "2194"]

1.e4 c5 2.Nf3 Nc6 3.Bb5 Qc7 4.O-O d6 5.h3 Nf6 6.Re1 Bd7 7.Nc3 e6 8.d4 cxd4
9.Nxd4 a6 10.Bf1 Be7 11.Bg5 O-O 12.Nf3 Rad8 13.Qe2 b5 14.a3 Bc8 15.Rad1 Bb7
16.Bf4 Nd7 17.Rd2 Nde5 18.Qd1 Na5 19.Nxe5 dxe5 20.Be3 Rxd2 21.Bxd2 Rd8 22.Qc1 Nc4
23.Bxc4 Qxc4 24.b3 Qd4 25.Nb1 Bc5 26.Re2 Bxe4 27.Nc3 Bb7 28.Be3 Qxc3 29.Bxc5 Qxc5  0-1

[Event "4th Open"]
[Site "Tanta City EGY"]
[Date "2001.04.20"]
[Round "3"]
[White "Ahmed,Es"]
[Black "Ghonimy,S"]
[Result "1-0"]
[WhiteElo "2362"]
[BlackElo "2256"]

1.e4 c5 2.Nf3 Nc6 3.Bb5 g6 4.O-O Bg7 5.Re1 e5 6.c3 Nge7 7.d4 cxd4 8.cxd4 Nxd4
9.Nxd4 exd4 10.Bf4 Qb6 11.Na3 O-O 12.Rc1 d6 13.Bc4 a6 14.Bb3 Qd8 15.Nc4 d5
16.Nd6 dxe4 17.Rxe4 b5 18.Bxf7+ Kh8 19.Bg5 Ra7 20.Nxc8 Qxc8 21.Rxe7 Qa8 22.Rcc7 Rxc7
23.Rxc7 Qe4 24.Be7 Be5 25.Bxf8 Bxc7 26.g3 Bb6 27.Bh6 Qf5 28.Bb3 g5 29.Qe2  1-0

[Event "ch-City"]
[Site "St Petersburg RUS"]
[Date "2001.04.21"]
[Round "11"]
[White "Polaninov,A"]
[Black "Ivanov,Se"]
[Result "0-1"]
[WhiteElo "2359"]
[BlackElo "2547"]

1.e4 c5 2.Nf3 Nc6 3.Bb5 d6 4.O-O Bd7 5.Re1 Nf6 6.c3 a6 7.Bf1 Bg4 8.h3 Bh5
9.d3 e6 10.Nbd2 Be7 11.a3 d5 12.b4 cxb4 13.axb4 d4 14.b5 axb5 15.Rxa8 Qxa8
16.cxd4 Nxd4 17.g4 Nxf3+ 18.Qxf3 Bg6 19.d4 O-O 20.Qe3 h5 21.g5 Ne8 22.Bxb5 Qa5
23.Bxe8 Rxe8 24.Nc4 Qb4 25.Ne5 Bxg5 26.Qe2 Bxc1 27.Rxc1 Qxd4 28.Nxg6 fxg6
29.Rc7 b6 30.Qc4 Qxc4 31.Rxc4 Rb8 32.Rb4 b5 33.Kf1 g5 34.Ke2 Kf7 35.Kd3 e5
36.Kc3 Kf6 37.f3 g4 38.fxg4 hxg4 39.hxg4 Kg5 40.Rb1 b4+ 41.Kb3 Kxg4 42.Rf1 g5
43.Rf5 Kh4 44.Rxe5 g4 45.Re7 Rg8 46.Rh7+ Kg5 47.Kxb4 g3 48.Rh1 g2 49.Rg1 Kf4
50.e5 Kxe5  0-1

[Event "4th Open"]
[Site "Tanta City EGY"]
[Date "2001.04.21"]
[Round "4"]
[White "Ahmed,Es"]
[Black "El Ghazali,Y"]
[Result "1-0"]
[WhiteElo "2362"]
[BlackElo "2343"]

1.e4 c5 2.Nf3 Nc6 3.Bb5 e6 4.O-O Nge7 5.Re1 a6 6.Bxc6 Nxc6 7.d4 cxd4 8.Nxd4 Qc7
9.Nc3 Bd6 10.Nd5 exd5 11.exd5+ Ne5 12.f4 O-O 13.fxe5 Bxe5 14.Nf3 Bd6 15.b3 b5
16.Bb2 Bb7 17.Kh1 f6 18.Qd3 Rac8 19.Re2 Qc5 20.Nh4 Be5 21.Bxe5 fxe5 22.Nf5 Rce8
23.c4 bxc4 24.bxc4 d6 25.h3 Bc8 26.Ng3 Qc7 27.Rc1 Rf4 28.Rec2 Qf7 29.Qe3 h5
30.Rd2 Qg6 31.c5 dxc5 32.Rxc5 Bxh3 33.gxh3 h4 34.Ne2 Rf1+ 35.Ng1 Ref8 36.Rg2 Qf5
37.Rc7 Rf7 38.Rxf7 Kxf7 39.Rg5 Qf4 40.Qa7+ Ke8 41.Qb8+ Kf7 42.Qc7+ Kf8 43.Qxg7+ Ke8
44.Qxe5+ Qxe5 45.Rxe5+ Kd7 46.Re6 Rd1 47.Rxa6 Rxd5 48.Nf3  1-0

[Event "3rd Rector Cup"]
[Site "Kharkov RUS"]
[Date "2001.04.22"]
[Round "6"]
[White "Turov,M"]
[Black "Moiseenko,A"]
[Result "1/2-1/2"]
[WhiteElo "2553"]
[BlackElo "2561"]

1.e4 c5 2.Nf3 Nc6 3.Bb5 e6 4.O-O Nge7 5.Re1 Nd4 6.Nxd4 cxd4 7.c3 Nc6 8.d3 Bc5
9.Qg4 O-O 10.Qg3 f5 11.Bxc6 bxc6 12.Bf4 Rf7 13.Nd2 dxc3 14.bxc3 Ba6 15.exf5 Rxf5
16.Ne4 Be7 17.Bd6 Bxd6 18.Nxd6 Rg5 19.Qf4 Qe7 20.c4 Rf8 21.Qe3 c5 22.Ne4 Rgf5
23.Rab1 d6 24.Re2 h6 25.Qd2 Bc8 26.d4 Bb7 27.Ng3 R5f7 28.dxc5 dxc5 29.Rbe1 Qh4
30.Rxe6 Rxf2 31.Qxf2 Rxf2 32.Kxf2 Qxh2 33.Ne4 Kh7 34.Re3 Bc8 35.Re8 Qf4+
36.Rf3 Qh4+ 37.Kg1 Bd7 38.Nf6+ gxf6 39.Re7+ Kg6 40.Rxd7 Qe1+ 41.Kh2 Qh4+  1/2-1/2

[Event "5th GM"]
[Site "Rijeka HUN"]
[Date "2001.04.22"]
[Round "5"]
[White "Ljubicic,F"]
[Black "Muslija,I"]
[Result "1-0"]
[WhiteElo "2397"]
[BlackElo "2229"]

1.e4 c5 2.Nf3 Nc6 3.Bb5 Nd4 4.Nxd4 cxd4 5.O-O g6 6.c3 Qb6 7.Qe2 Bg7 8.cxd4 Qxd4
9.Nc3 Nf6 10.d3 a6 11.Be3 Qb4 12.a3 Qa5 13.b4 Qd8 14.Ba4 O-O 15.e5 Ne8 16.Nd5 e6
17.Bb6 Qh4 18.g3 Qh3 19.Ne7+ Kh8 20.Rac1  1-0

[Event "Astral Open"]
[Site "Bucharest ROM"]
[Date "2001.04.23"]
[Round "2"]
[White "Ardeleanu,A"]
[Black "Arandjelovic,A"]
[Result "1-0"]
[WhiteElo "2375"]
[BlackElo "2167"]

1.e4 c5 2.Nf3 Nc6 3.Bb5 g6 4.O-O Bg7 5.c3 e5 6.d4 cxd4 7.cxd4 exd4 8.Bf4 a6
9.Ba4 b5 10.Bb3 d6 11.a4 b4 12.Nbd2 Na5 13.Bd5 Ra7 14.Nb3 Ne7 15.Nxa5 Qxa5
16.Nxd4 Be5 17.Bg5 Bd7 18.Nb3 Qd8 19.Be3 Nxd5 20.Bxa7 Nf4 21.g3 Nh3+ 22.Kh1 h5
23.Bd4 Qa8 24.f3 h4 25.Bxe5 dxe5 26.Qd6 Rh5 27.Nc5 hxg3 28.Nxd7 g2+ 29.Kxg2 Nf4+
30.Kh1  1-0

[Event "GMA"]
[Site "Dos Hermanas ESP"]
[Date "2001.04.23"]
[Round "5"]
[White "Azmaiparashvili,Z"]
[Black "Almasi,Z"]
[Result "1/2-1/2"]
[WhiteElo "2670"]
[BlackElo "2640"]

1.e4 c5 2.Nf3 Nc6 3.Bb5 e6 4.O-O Nge7 5.b3 a6 6.Bxc6 Nxc6 7.Bb2 b5 8.Na3 Nd4
9.c4 Qa5 10.d3 Nxf3+ 11.Qxf3 Bb7 12.Nc2 Qd2 13.Rac1 Bd6 14.Bxg7 Rg8 15.Bb2 Qh6
16.g3 f5 17.Ne3 b4 18.Qe2 O-O-O 19.f3 Rg5 20.e5 Be7 21.Ng2 Qg7 22.Rc2 h5
23.Bc1 Rg6 24.Nf4 Rg5 25.Ng2 Rg6 26.Nf4 Rg5  1/2-1/2

[Event "Open"]
[Site "Dubai UAE"]
[Date "2001.04.23"]
[Round "8"]
[White "Dzhumaev,M"]
[Black "Abdullah,Ma"]
[Result "1/2-1/2"]
[WhiteElo "2514"]
[BlackElo "2258"]

1.e4 c5 2.Nf3 Nc6 3.Bb5 g6 4.O-O Bg7 5.c3 e5 6.d4 cxd4 7.cxd4 exd4 8.Bf4 Nge7
9.Bd6 Qb6 10.Na3 a6 11.Ba4 Qd8 12.Rc1 O-O 13.Qd2 b5 14.Bb3 Bb7 15.h4 Nc8
16.Bxf8 Qxf8 17.Nc2 Nd6 18.Qd3 Qe7 19.Rfe1 Ne5 20.Nxe5 Qxe5 21.Rcd1 Nxe4
22.Nxd4 Qf4 23.Qe3 Qxe3 24.Rxe3 Nc5 25.Bc2 Rc8 26.b3 Kf8 27.Nf3 Ne6 28.Be4 d5
29.Bxd5 Rd8 30.Red3 Nf4 31.Bxb7 Rxd3 32.Rxd3 Nxd3 33.Bxa6 Nb4 34.Bxb5 Nxa2
35.Bc4 h6 36.Nd2 Ke7 37.g3 Bc3 38.Ne4 Bb4 39.Kg2 f5 40.Kf3 fxe4+ 41.Kxe4 Be1
42.Ke3 Kf6 43.Ke2 Bb4 44.f4 Bd6 45.Kf3 Nb4 46.g4 Nc6 47.g5+ Kg7 48.gxh6+ Kxh6
49.Kg4 Ne7 50.Be6 Nc6 51.f5  1/2-1/2

[Event "2nd ch-EUR Women"]
[Site "Warsaw POL"]
[Date "2001.04.24"]
[Round "3"]
[White "Zakurdjaeva,I"]
[Black "Johansson,V"]
[Result "1/2-1/2"]
[WhiteElo "2282"]
[BlackElo "2149"]

1.e4 c5 2.Nf3 Nc6 3.Bb5 d6 4.O-O Bd7 5.Re1 g6 6.Nc3 Bg7 7.d3 Nf6 8.Bxc6 Bxc6
9.e5 Nd5 10.exd6 Nxc3 11.dxe7 Qd6 12.bxc3 Bxc3 13.Bd2 Bxf3 14.gxf3 Bxa1 15.Qxa1 Kd7
16.Qb2 b6 17.Qb3 f6 18.Qf7 Rac8 19.Qg7 Rhg8 20.Qf7 Rh8 21.Qg7 Rhg8 22.Qf7 Rh8  1/2-1/2

[Event "2nd ch-EUR Women"]
[Site "Warsaw POL"]
[Date "2001.04.25"]
[Round "4"]
[White "Bojkovic,N"]
[Black "Javakhishvili,L"]
[Result "1-0"]
[WhiteElo "2447"]
[BlackElo "2304"]

1.e4 c5 2.Nf3 Nc6 3.Bb5 e6 4.O-O Nge7 5.Nc3 Ng6 6.d3 Be7 7.Ne2 O-O 8.c3 a6
9.Ba4 b5 10.Bc2 d5 11.d4 cxd4 12.Nexd4 Bb7 13.Nxc6 Bxc6 14.Qe2 Qc7 15.e5 b4
16.Re1 bxc3 17.bxc3 Bb5 18.Qe3 Rfc8 19.Bd2 Ba3 20.Rab1 Bc4 21.Nd4 Rcb8 22.h4 Nxh4
23.g3 Ng6 24.Kg2 Rxb1 25.Bxb1 Rb8 26.Rh1 Rb2 27.Bxg6 hxg6 28.Bc1 Rxa2 29.Bxa3 Rxa3
30.Qf4 f6 31.Qh4 fxe5 32.Qh8+ Kf7 33.Qh7 g5 34.Nf3 Rxc3 35.Nxg5+ Ke7 36.Qxg7+ Kd6  1-0

[Event "Astral Open"]
[Site "Bucharest ROM"]
[Date "2001.04.26"]
[Round "6"]
[White "Nevednichy,V"]
[Black "Jianu,V"]
[Result "1-0"]
[WhiteElo "2563"]
[BlackElo "2320"]

1.e4 c5 2.Nf3 Nc6 3.Bb5 g6 4.Bxc6 dxc6 5.h3 e5 6.d3 f6 7.O-O Nh6 8.c3 Nf7
9.Be3 Be7 10.Qe2 O-O 11.d4 cxd4 12.cxd4 exd4 13.Nxd4 c5 14.Nb3 b6 15.Nc3 Bb7
16.Rfd1 Qc7 17.Qc4 Kh8 18.Nd5 Bxd5 19.Rxd5 Rad8 20.Nd4 Ne5 21.Qc2 Qc8 22.Nb5 Rxd5
23.exd5 Qd7 24.Nc3 c4 25.Bd4 Bd6 26.Qe4 Re8 27.Bxe5 Rxe5 28.Qxc4 Qe7 29.Kf1 Bc5
30.Rd1 Rf5 31.Ne4 Rf4 32.f3 Qe5  1-0

[Event "4th Open"]
[Site "Tanta City EGY"]
[Date "2001.04.26"]
[Round "8"]
[White "Elgabry,M"]
[Black "Ghonimy,S"]
[Result "0-1"]
[WhiteElo "2328"]
[BlackElo "2256"]

1.e4 c5 2.Nf3 Nc6 3.Bb5 g6 4.O-O Bg7 5.Re1 e5 6.c3 Nge7 7.b4 d6 8.Bxc6+ Nxc6
9.b5 Ne7 10.d4 O-O 11.dxc5 dxc5 12.Be3 b6 13.Nfd2 h6 14.c4 f5 15.f3 Be6 16.Qe2 a5
17.Nc3 f4 18.Bf2 g5 19.Rad1 Qe8 20.Na4 Nc8 21.Nb1 Qf7 22.Na3 h5 23.Rd2 Bf6
24.Red1 g4 25.Kh1 Kh8 26.Nc3 Rg8 27.Nd5 Ra7 28.Nxf6 Qxf6 29.Rg1 g3 30.Rgd1 gxf2
31.Qxf2 Rag7 32.Qf1 Rf7 33.Nb1 Rff8 34.Nc3 Rd8 35.Nd5 Bxd5 36.exd5 Nd6 37.Re1 Qf5
38.Qe2 Rde8 39.Rdd1 Rg7 40.Rc1 Rge7 41.Qf2 Qg5 42.Qb2 Kg8 43.Rg1 h4 44.Qd2 e4
45.Rc3 e3 46.Qc2 e2 47.Re1 Rg7 48.g4 hxg3 49.Rxe2 gxh2 50.Rg2 Qxg2+ 51.Qxg2 Rxg2
52.Kxg2 Re2+  0-1

[Event "2nd ch-EUR Women"]
[Site "Warsaw POL"]
[Date "2001.04.26"]
[Round "5"]
[White "Georgieva,L"]
[Black "Umanskaya,I"]
[Result "0-1"]
[WhiteElo "2162"]
[BlackElo "2313"]

1.e4 c5 2.Nf3 Nc6 3.Bb5 g6 4.O-O Bg7 5.c3 Nf6 6.e5 Nd5 7.d4 cxd4 8.cxd4 O-O
9.Nc3 Nc7 10.Ba4 d6 11.Bxc6 bxc6 12.Re1 Nd5 13.Nxd5 cxd5 14.Bf4 dxe5 15.Nxe5 Be6
16.Qe2 Qb6 17.Rad1 Rac8 18.Rd2 Rfe8 19.Qe3 Bf5 20.h3 Qa6 21.a3 Qa4 22.g4 Be6
23.Qd3 Bxe5 24.Bxe5 f6 25.Bf4 Bf7 26.Bg3 Qd7 27.Rde2 Rc6 28.Qb5 e6 29.g5 fxg5
30.Be5 Rec8 31.Qd3 Rf8 32.Qg3 Qe7 33.Re3 Be8 34.Rf3 Rf5 35.Ree3 h6 36.Kh2 Rc2
37.Kg2 Qf7 38.b4 Bb5 39.Rxf5 gxf5 40.Rf3 Bc4 41.h4 g4 42.Re3 Kh7 43.Bb8 Be2
44.Qd6 Bf3+ 45.Kf1 Be4 46.Re1 Rc8 47.Qe5 Rc3 48.Bd6 g3 49.fxg3 Qh5 50.Rxe4 Qf3+
51.Kg1 dxe4 52.Qf4 Qd1+ 53.Qf1 Qxd4+ 54.Qf2 Qxd6 55.Qxa7+ Rc7  0-1

[Event "2nd ch-EUR Women"]
[Site "Warsaw POL"]
[Date "2001.04.26"]
[Round "5"]
[White "Klinova,M"]
[Black "Costagliola,M"]
[Result "1-0"]
[WhiteElo "2368"]
[BlackElo "2254"]

1.e4 c5 2.Nf3 Nc6 3.Bb5 d6 4.Bxc6+ bxc6 5.O-O e5 6.c3 f5 7.exf5 Bxf5 8.d4 cxd4
9.cxd4 e4 10.Nfd2 d5 11.f3 Nf6 12.fxe4 Bxe4 13.Nxe4 dxe4 14.Qa4 Qd7 15.Nc3 Rb8
16.a3 Be7 17.Qc4 h6 18.b4 Rd8 19.Be3 Bd6 20.Rae1 Qc7 21.Nxe4 Kd7 22.Nxf6+ gxf6
23.Rxf6 Kc8 24.Rf7 Rd7 25.Rxd7 Bxh2+ 26.Kh1 Kxd7 27.d5 Bd6 28.dxc6+ Kc8 29.Rf1 Qe7
30.Qg4+ Kc7 31.Bf4 Kxc6 32.Rc1+ Kb6 33.Bxd6 Qxd6 34.Rd1 Qf6 35.Qd7 Qh4+ 36.Kg1  1-0

[Event "TSGM"]
[Site "Belgrade YUG"]
[Date "2001.04.27"]
[Round "7"]
[White "Kallio,H"]
[Black "Milanovic,D"]
[Result "1-0"]
[WhiteElo "2410"]
[BlackElo "2421"]

1.e4 c5 2.Nf3 Nc6 3.Bb5 e6 4.Bxc6 bxc6 5.O-O Ne7 6.d3 Ng6 7.Ng5 h6 8.Nh3 e5
9.f4 exf4 10.Nxf4 Nxf4 11.Bxf4 d6 12.Qf3 Be6 13.Qg3 g5 14.Bd2 Rg8 15.Bc3 Rg6
16.Nd2 h5 17.Nc4 h4 18.Qe1 Be7 19.Ne3 d5 20.Nf5 d4 21.Bd2 Qd7 22.b3 Bd8 23.Qe2 Bc7
24.Qh5 O-O-O 25.Qg4 Be5 26.Ba5 Rh8 27.Rad1 Kb8 28.a4 Ka8 29.Be1 Qc7 30.g3 Rgg8
31.Rd2 f6 32.Rg2 Bf7 33.Qe2 hxg3 34.Bxg3 Rh3 35.Qf2 Rgh8 36.Bxe5 Qxe5 37.Ng3 R3h6
38.Qf5 Qe7 39.Qf3 Qe5 40.Qf5 Qe7 41.e5 Bd5 42.exf6 Qe3+ 43.Rff2 Bxg2 44.f7 Rf8
45.Kxg2 Qe6 46.Qxe6 Rxe6 47.Ne4 Kb8 48.Kg3 Kc7 49.Kg4 Kd8 50.Nxg5 Rh6 51.h4 Ke7
52.Re2+ Kd7 53.Kf5 a6 54.a5 Rd6 55.h5 Rh6 56.Kg4 Rfh8 57.Re5 Rxh5 58.f8=N+ Kc8
59.Ng6 R8h6 60.Ne7+ Kb7 61.Nf5 Rh8 62.Nf7  1-0

[Event "54th ch-RUS"]
[Site "Elista RUS"]
[Date "2001.04.30"]
[Round "1"]
[White "Chebotarev,O"]
[Black "Iljushin,A"]
[Result "1-0"]
[WhiteElo "2306"]
[BlackElo "2536"]

1.e4 c5 2.Nf3 Nc6 3.Bb5 g6 4.O-O Bg7 5.Bxc6 bxc6 6.d3 d6 7.c3 Nf6 8.Re1 O-O
9.d4 cxd4 10.cxd4 Bg4 11.Nbd2 d5 12.e5 Nd7 13.h3 Bf5 14.Nb3 a5 15.g4 Be6
16.Nc5 Nxc5 17.dxc5 Qc7 18.Qd2 Rab8 19.a3 Qd7 20.Kh2 f6 21.b4 axb4 22.axb4 f5
23.g5 f4 24.h4 Bg4 25.Ng1 Bh5 26.f3  1-0

[Event "TSGM"]
[Site "Belgrade YUG"]
[Date "2001.05.01"]
[Round "11"]
[White "Kallio,H"]
[Black "Matulovic,M"]
[Result "1/2-1/2"]
[WhiteElo "2410"]
[BlackElo "2420"]

1.e4 c5 2.Nf3 Nc6 3.Bb5 g6 4.Bxc6 dxc6 5.h3 e5 6.d3 f6 7.Be3 Nh6 8.a4 a5
9.O-O Nf7 10.Nc3 g5 11.Nh2 h5 12.Ne2 b6 13.Ng3 h4 14.Ne2 Ra7 15.f3 Be6 16.Qe1 Rd7
17.Qf2 Bg7 18.Ng4 Nh6 19.Nc3 Ng8 20.b3 Ne7 21.Nb1 Ng6 22.Nd2 Kf7 23.Nc4 Nf4
24.Bd2 Qc7 25.Rab1 Kg6 26.Rfe1 Re8 27.Nce3 Rdd8  1/2-1/2

[Event "2nd ch-EUR Women"]
[Site "Warsaw POL"]
[Date "2001.05.01"]
[Round "9"]
[White "Hunt,H"]
[Black "Umanskaya,I"]
[Result "1-0"]
[WhiteElo "2426"]
[BlackElo "2313"]

1.e4 c5 2.Nf3 Nc6 3.Bb5 e6 4.O-O Nge7 5.b3 Nd4 6.Nxd4 cxd4 7.c3 a6 8.Bd3 Nc6
9.cxd4 Nxd4 10.Nc3 Nc6 11.Bb2 e5 12.Bc4 Bc5 13.Ne2 Qb6 14.Kh1 O-O 15.f4 d6
16.f5 Qd8 17.f6 gxf6 18.Ng3 Kh8 19.Qh5 Rg8 20.Qxf7 Rf8 21.Qh5 Bd4 22.Bc3 Bxc3
23.dxc3 Ne7 24.Qh6 Ng6 25.Rad1 Nf4 26.Nh5 Nxh5 27.Qxh5 b5 28.Bd5 Ra7 29.c4 Rg7
30.Rd2 b4 31.Qh6 a5 32.Qe3 Qc7 33.Rc2 Bb7 34.Bxb7 Qxb7 35.Rd2 Rg4 36.Rd5 Qg7
37.g3 Qg6 38.Re1 f5 39.exf5 Rxf5 40.Rxa5 Rf8 41.Ra6 Qe6 42.Rd1 Rg7 43.Raxd6 Qf5
44.Rd8 Rf7 45.Rxf8+ Rxf8 46.Re1 Re8 47.Kg2 e4 48.Re2 Kg8 49.Rf2 Qe5 50.c5  1-0